| 000 -LEADER |
| fixed length control field |
00569nam a2200157Ia 4500 |
| 003 - CONTROL NUMBER IDENTIFIER |
| control field |
OSt |
| 008 - FIXED-LENGTH DATA ELEMENTS--GENERAL INFORMATION |
| fixed length control field |
220308s9999 xx 000 0 und d |
| 020 ## - INTERNATIONAL STANDARD BOOK NUMBER |
| International Standard Book Number |
9781138111226 |
| 082 ## - DEWEY DECIMAL CLASSIFICATION NUMBER |
| Classification number |
728.37309540904 |
| Item number |
DES |
| 100 ## - MAIN ENTRY--PERSONAL NAME |
| Personal name |
Desāī, Mādhavī; Desai, Miki, 1947-; Lang, Jon |
| 245 #4 - TITLE STATEMENT |
| Title |
The bungalow in Twentieth-Century India : the cultural expression of changing ways of life and aspirations in the domestic architecture of colonial and post-colonial society |
| 260 ## - PUBLICATION, DISTRIBUTION, ETC. (IMPRINT) |
| Name of publisher, distributor, etc |
Routledge; 1st edition (22 May 2017) |
| 365 ## - TRADE PRICE |
| Price type code |
GBP |
| 365 ## - TRADE PRICE |
| Unit of pricing |
44.99 |
| 942 ## - ADDED ENTRY ELEMENTS (KOHA) |
| Source of classification or shelving scheme |
|